Biblioteca y Centro de Documentación

El nuevo plan de regadios 2008-2013 se basará en la sostenibilidad y en la eficiencia del uso del agua. (Registro nro. 38355)

Detalles MARC
000 -CABECERA
Longitud fija campo de control 01064naa a2200301 c 4500
001 - NÚMERO DE CONTROL
Número de control 38355
003 - IDENTIFICADOR DE NÚMERO DE CONTROL
Identificador del número de control ES-MaCES
005 - FECHA Y HORA DE LA ÚLTIMA TRANSACCIÓN
Fecha y hora de la última transacción 20080331100200.0
008 - CAMPO FIJO DE DESCRIPCIÓN FIJA--INFORMACIÓN GENERAL
Códigos de información de longitud fija   080328n2008 sp t 000 | spa d
035 ## - NÚMERO DE CONTROL DEL SISTEMA
Número de control del sistema CES20080000796v
040 ## - FUENTE DE CATALOGACIÓN
Centro catalogador de origen ES-MaCES
Lengua de catalogación spa
Centro transcriptor ES-MaCES
100 1# - ENCABEZAMIENTO PRINCIPAL--NOMBRE PERSONAL
Nombre de persona Varés, Fernando
9 (RLIN) 25534
245 13 - MENCIÓN DE TÍTULO
Título El nuevo plan de regadios 2008-2013 se basará en la sostenibilidad y en la eficiencia del uso del agua.
Mención de responsabilidad, etc. Fernando Varés
500 ## - NOTA GENERAL
Nota general indice
650 #4 - ASIENTO SECUNDARIO DE MATERIA--TÉRMINO DE MATERIA
Término de materia o nombre geográfico como elemento inicial España
9 (RLIN) 26964
650 #4 - ASIENTO SECUNDARIO DE MATERIA--TÉRMINO DE MATERIA
Término de materia o nombre geográfico como elemento inicial plan nacional
9 (RLIN) 27018
650 #4 - ASIENTO SECUNDARIO DE MATERIA--TÉRMINO DE MATERIA
Término de materia o nombre geográfico como elemento inicial planificación
9 (RLIN) 27021
650 #4 - ASIENTO SECUNDARIO DE MATERIA--TÉRMINO DE MATERIA
Término de materia o nombre geográfico como elemento inicial infraestructura
9 (RLIN) 28025
650 #4 - ASIENTO SECUNDARIO DE MATERIA--TÉRMINO DE MATERIA
Término de materia o nombre geográfico como elemento inicial distribución del agua
9 (RLIN) 28817
650 #4 - ASIENTO SECUNDARIO DE MATERIA--TÉRMINO DE MATERIA
Término de materia o nombre geográfico como elemento inicial utilización del agua
9 (RLIN) 28823
650 #4 - ASIENTO SECUNDARIO DE MATERIA--TÉRMINO DE MATERIA
Término de materia o nombre geográfico como elemento inicial área de regadío
9 (RLIN) 30378
650 #4 - ASIENTO SECUNDARIO DE MATERIA--TÉRMINO DE MATERIA
Término de materia o nombre geográfico como elemento inicial recursos hídricos
9 (RLIN) 28722
653 10 - TÉRMINO DE INDEXACIÓN--NO CONTROLADO
Término no controlado Políticas sectoriales
773 0# - ENTRADA DE DOCUMENTO FUENTE
Título Vida rural, la revista del campo
Parte(s) relacionada(s) año 15, n. 264 (1 marzo 2008){10403 R. 070401}; p. 16-18
Número de control del registro relacionado (ES-MaCES)25413
Itemnumber del ítem fuente 56097
902 ## - CES. TIPO DE DOCUMENTO
Tipodoc (006$c Sirtex) ART Artículo de revista
942 ## - ELEMENTOS KOHA
Fuente de clasificaión o esquema Clasificación propia del CES
Koha [por defecto] tipo de item Artículos (1982-2017)
Parte de clasificación 5.2.

No hay ítems disponibles.

© CES, Consejo Económico y Social de España 2021